[Event "IBM-B"]
[Site "Amsterdam"]
[Date "1971.??.??"]
[Round "7"]
[White "Van der Weide, Piet"]
[Black "Kurajica, Bojan"]
[Result "1-0"]
[WhiteElo "2320"]
[BlackElo "2490"]

1.e4 c5 2.Nf3 Nc6 3.d4 cxd4 4.Nxd4 Qc7 5.Nc3 e6 6.Be3 a6 7.Bd3 b5 8.Nb3 Nf6
9.f4 Bb4 10.O-O d6 11.Qf3 Bb7 12.Qg3 g6 13.f5 Nd7 14.fxe6 fxe6 15.Qh3 Nf8
16.Rf6 Ne5 17.Bg5 Bc8 18.Raf1 Bxc3 19.Bh6 Bxb2 20.Rxf8+ Rxf8 21.Rxf8+ Kd7
22.Bd2 h5 23.Qh4 Qa7+ 24.Kh1 Bb7 25.Qf6 Rxf8 26.Qxf8 Qa8 27.Qg7+ Kc6 28.Qe7 Bc8
29.Na5+ Kc5 30.Qc7+ Nc6 31.Nb3+  1-0

[Event "Buenos Aires CA"]
[Site "Buenos Aires"]
[Date "1972.??.??"]
[Round "9"]
[White "Szmetan, Jorge"]
[Black "Agdamus, Jose Luis"]
[Result "1-0"]
[WhiteElo "2365"]
[BlackElo "2200"]

1.e4 c5 2.Nf3 Nc6 3.d4 cxd4 4.Nxd4 Qb6 5.Nb3 Nf6 6.Nc3 e6 7.Bd3 Bb4 8.O-O Bxc3
9.bxc3 O-O 10.c4 d6 11.Be3 Qc7 12.f4 b6 13.Qf3 Bb7 14.Qh3 e5 15.f5 Nd7 16.Qh4 f6
17.Rf3 Rfe8 18.c5 dxc5 19.Bc4+ Kh8  1-0

[Event "WchT U26"]
[Site "Graz"]
[Date "1972.??.??"]
[Round "8"]
[White "Hlousek, Zdenek"]
[Black "Cvetkovic, Srdjan"]
[Result "1-0"]
[WhiteElo "2355"]
[BlackElo "2460"]

1.e4 c5 2.Nf3 Nc6 3.d4 cxd4 4.Nxd4 Qc7 5.Nc3 e6 6.Be3 a6 7.Bd3 Nf6 8.O-O Ne5
9.h3 Bc5 10.Qe2 d6 11.Nb3 Bxe3 12.Qxe3 O-O 13.f4 Ng6 14.Rae1 b5 15.a3 Bb7
16.f5 exf5 17.exf5 Ne5 18.Nd2 Rfe8 19.Qf2 d5 20.Nb3 Nc4 21.Nd1 Ne4 22.Bxe4 dxe4
23.c3 f6 24.Nd4 a5 25.Ne3 Ne5 26.Qg3 Re7 27.Nxb5 Qb6 28.a4 Rd8 29.Kh1 Rd3
30.Qf2 Bc6 31.Nd5 Qxf2 32.Nxe7+ Kf7 33.Rxf2 Kxe7 34.Nd4 Ba8 35.Rfe2 Kf7 36.Nb3 g6
37.fxg6+ hxg6 38.Nc5 f5 39.Nxd3 Nxd3 40.Rd1 Nf4 41.Re3  1-0

[Event "URS-chT Moscow"]
[Site "Moscow"]
[Date "1972.??.??"]
[Round "?"]
[White "Vilerte, Benita"]
[Black "Bazhina, E."]
[Result "1-0"]
[WhiteElo "2000"]
[BlackElo "2000"]

1.e4 c5 2.Nf3 Nc6 3.d4 cxd4 4.Nxd4 Qb6 5.Nb3 Nf6 6.Nc3 e6 7.Be3 Qc7 8.f4 d6
9.Be2 a6 10.O-O b5 11.Bf3 Bb7 12.Qe1 Be7 13.Qg3 O-O 14.e5 Nd7 15.exd6 Bxd6
16.Ne4 Ne7 17.Nxd6 Bxf3 18.Bd4 f6 19.Nxb5 axb5 20.Qxf3 Qxc2 21.Rac1 Qg6 22.Rc7 Rad8
23.Qb7 Rb8 24.Qa6 Rfd8  1-0

[Event "URS-chT Moscow"]
[Site "Moscow"]
[Date "1972.??.??"]
[Round "?"]
[White "Bilunova, Rimma I"]
[Black "Bazhina, E."]
[Result "1/2-1/2"]
[WhiteElo "2270"]
[BlackElo "2000"]

1.e4 c5 2.Nf3 Nc6 3.d4 cxd4 4.Nxd4 Qb6 5.Nb3 Nf6 6.Nc3 e6 7.Be3 Qc7 8.a3 Be7
9.f4 d6 10.Be2 a6 11.Bf3 b5 12.O-O Bb7 13.Qe2 O-O 14.Qf2 Rac8 15.Rad1 b4
16.axb4 Nxb4 17.Rd2 d5 18.e5 Nd7 19.Rc1 Rfe8 20.Bg4 Bf8 21.Nd4 Nc6 22.Nf3 Na5
23.Bd4 Nc4 24.Re2 Nxb2 25.Nxd5 Bxd5 26.Bxb2 Nc5 27.Qe3 Bc4 28.Ree1 Red8 29.Ba3 Bd5
30.Rcd1 Re8 31.Nd4 Qb7 32.Bf3 Bxf3 33.Qxf3 Qxf3 34.Nxf3 Red8 35.Kf1 Na4 36.Bxf8 Kxf8
37.Ra1 Rc4 38.Reb1 Rxf4 39.Ke2 Re4+ 40.Kf2 Rc4 41.Ke1 h6 42.Rd1 Re4+ 43.Kf1 Rxd1+
44.Rxd1 Nc5 45.Rd8+ Ke7 46.Ra8 g5 47.h3 Rc4 48.Ne1 Rf4+ 49.Kg1 Re4 50.Nf3 Re2
51.Nd4 Re4 52.Nc6+ Kd7 53.Nb8+ Kc7 54.Nxa6+ Nxa6 55.Rxa6 Kb7 56.Rd6 Kc7 57.Ra6  1/2-1/2

[Event "URS-chT Moscow"]
[Site "Moscow"]
[Date "1972.??.??"]
[Round "?"]
[White "Listergarten, Leonid B"]
[Black "Yuferov, Sergey  N"]
[Result "0-1"]
[WhiteElo "2200"]
[BlackElo "2430"]

1.e4 c5 2.Nf3 Nc6 3.d4 cxd4 4.Nxd4 Qb6 5.Nb3 Nf6 6.Nc3 e6 7.Be3 Qc7 8.Bd3 Be7
9.f4 d6 10.Qe2 a6 11.g4 b5 12.g5 Nd7 13.a4 b4 14.Nb1 h6 15.g6 Bh4+ 16.Bf2 Bxf2+
17.Qxf2 fxg6 18.Qg3 O-O 19.Rg1 Rf6 20.N1d2 Nf8 21.O-O-O Bb7 22.Nc4 e5 23.f5 Nd4
24.Nxd4 exd4 25.e5 dxe5 26.Nxe5 gxf5 27.Bc4+ Kh7 28.Rxd4 Qe7 29.Bd3 Kh8 30.Rxb4 Rc8
31.Kb1 Rc5 32.Bc4 Be4 33.Nd3 Rg6 34.Qe3 Rxg1+ 35.Qxg1 Rc6 36.Qd4 Kh7 37.Rb8 Qc7
38.Rxf8 Rxc4 39.Qf2 Bxd3 40.cxd3 Rf4 41.Qe2 Qc5 42.Rb8 Qg1+ 43.Ka2 Rxa4+
44.Kb3 Rd4 45.Qf3 Qg6 46.Kc3 Qf6 47.Kc2 Qe5 48.Qf2 Rf4 49.Qb6 Rd4 50.Qb3 Rd5
51.h4 Qe2+ 52.Kc1 Rc5+  0-1

[Event "Sarajevo"]
[Site "Sarajevo"]
[Date "1972.??.??"]
[Round "13"]
[White "Kosanski, Stanko"]
[Black "Matulovic, Milan"]
[Result "1/2-1/2"]
[WhiteElo "2385"]
[BlackElo "2525"]

1.e4 c5 2.Nf3 Nc6 3.d4 cxd4 4.Nxd4 Qc7 5.Nc3 e6 6.Be2 a6 7.f4 b5 8.Nxc6 Qxc6
9.Bf3 Bb7 10.e5 Qc7 11.Bxb7 Qxb7 12.Qe2 Rc8 13.O-O Nh6 14.a4 b4 15.Ne4 Nf5
16.c3 h5 17.Bd2 h4 18.cxb4 Bxb4 19.Bxb4 Qxb4 20.Rac1 Qd4+ 21.Qf2 Qxf2+ 22.Kxf2 Rb8
23.b4 Ke7 24.Rc4 Rhc8 25.Rfc1 Rxc4 26.Rxc4 f6 27.Nc5 Rc8 28.Ke2 d6 29.exd6+ Nxd6
30.Rc3 a5 31.bxa5 Nb7 32.Ne4 Rxc3 33.Nxc3 Nxa5 34.Kf3 f5 35.Ke3 Nc6 36.h3 e5
37.fxe5 g5 38.Ne2 Nxe5 39.Nd4 Nc4+ 40.Ke2 Kf6 41.Nb3 Ke5 42.a5 Nd6 43.a6 Nc8
44.Nd2 Kf4 45.Kf2 g4 46.Nc4 Na7 47.Ne3 Kg5 48.Nd5 f4 49.Nc3 Kf5 50.Ne2 Kg5
51.Nd4 Nc8 52.Nb5 f3 53.gxf3 gxh3 54.Nc3 h2 55.Kg2 h3+  1/2-1/2

[Event "Sarajevo"]
[Site "Sarajevo"]
[Date "1972.??.??"]
[Round "15"]
[White "Rajkovic, Dusan"]
[Black "Ivanovic, Bozidar"]
[Result "1/2-1/2"]
[WhiteElo "2390"]
[BlackElo "2380"]

1.e4 c5 2.Nf3 Nc6 3.d4 cxd4 4.Nxd4 Qc7 5.Nb5 Qb8 6.c4 Nf6 7.N1c3 a6 8.Na3 e6
9.Be2 Be7 10.O-O O-O 11.Be3 d6 12.f4 b6 13.Bf3 Qc7 14.Rc1 Bb7 15.Qe2 Nb4  1/2-1/2

[Event "Skopje ol (Men) prel"]
[Site "Skopje"]
[Date "1972.??.??"]
[Round "2"]
[White "Vassiades, C."]
[Black "Matulovic, Milan"]
[Result "0-1"]
[WhiteElo "2200"]
[BlackElo "2525"]

1.e4 c5 2.Nf3 Nc6 3.d4 cxd4 4.Nxd4 Qc7 5.Nc3 e6 6.f4 a6 7.Be2 b5 8.Nxc6 Qxc6
9.Bf3 Bb7 10.e5 Qc7 11.Ne4 Nh6 12.Be3 Nf5 13.Bf2 h5 14.Qd3 Rc8 15.Rd1 Bd5
16.c3 Qc4 17.Qxc4 Rxc4 18.Nd6+ Bxd6 19.Bxd5 exd5 20.exd6 Re4+ 21.Kd2 Rxf4
22.Rhe1+ Kd8 23.Bb6+ Kc8 24.Kc1 Kb7 25.Bc7 Kc6 26.Re5 f6 27.Rexd5 Ne3 28.R5d4 Rxd4
29.Rxd4 Nxg2 30.Re4 g5 31.Re7 Rf8  0-1

[Event "Skopje ol (Men) fin-D"]
[Site "Skopje"]
[Date "1972.??.??"]
[Round "5"]
[White "Bedros, Jacques"]
[Black "Haik, Aldo"]
[Result "0-1"]
[WhiteElo "2200"]
[BlackElo "2200"]

1.e4 c5 2.Nf3 Nc6 3.d4 cxd4 4.Nxd4 Qc7 5.Nc3 e6 6.Be2 Nf6 7.O-O a6 8.Be3 b5
9.Bf3 Bb7 10.Re1 Ne5 11.a3 Be7 12.h3 O-O 13.Bd2 Rac8 14.Kh1 Rfd8 15.Qe2 d5
16.exd5 Nxf3 17.Nxf3 Nxd5 18.Nxd5 Rxd5 19.Bc3 Rh5 20.Rad1 Qf4 21.Rd4 Rxh3+
22.Kg1 Qxf3 23.Qxf3 Rxf3 24.gxf3 Bxf3 25.Re3 Bc6 26.Rg4 g6 27.Bd4 h5 28.Rgg3 Bf6
29.Bc3 Bd8 30.Rd3 Bd5 31.Rge3 Bb6 32.Re1 Rc4 33.Rxd5 Rxc3 34.bxc3 exd5 35.Re5 Bc5
36.Rxd5 Bxa3 37.Rd8+ Kg7 38.Ra8 Bb2 39.Rxa6 Bxc3 40.Kg2 g5 41.Rd6 b4 42.Rc6 f6
43.f3 Kg6 44.Rc5 g4 45.fxg4 hxg4 46.Rc8 Kg5 47.Rc5+ Kf4 48.Rc4+ Ke3 49.Rxg4 Kd2
50.Kf1 Kxc2 51.Rg2+ Kd1 52.Rg3 Be5 53.Re3 Kc2 54.Re2+ Kd3 55.Ke1 b3 56.Rd2+ Kc3  0-1

[Event "Skopje ol (Men) prel"]
[Site "Skopje"]
[Date "1972.??.??"]
[Round "6"]
[White "Martidis, Alkis"]
[Black "Vasquez, Julio E"]
[Result "0-1"]
[WhiteElo "2200"]
[BlackElo "2200"]

1.e4 c5 2.Nf3 Nc6 3.d4 cxd4 4.Nxd4 Qb6 5.Nb3 Nf6 6.Nc3 e6 7.Be3 Qc7 8.Bd3 a6
9.g4 d6 10.g5 Nd7 11.f4 b5 12.Qf3 Bb7 13.Qh3 O-O-O 14.g6 Nf6 15.Nd5 Nxd5
16.exd5 Ne7 17.c4 b4 18.f5 exf5 19.Bxf5+ Kb8 20.Rc1 Nxf5 21.Qxf5 hxg6 22.Qe4 Qe7
23.Qxe7 Bxe7 24.Bd2 Rde8 25.Kf1 Bc8 26.Bxb4 Bh3+ 27.Kf2 Rh5 28.Nd4 Kc7 29.c5 dxc5
30.Bxc5 Bh4+ 31.Kf3 Rxd5 32.Be7+ Kd7 33.Bxh4 Rxd4 34.Bg3 Bg4+ 35.Kg2 Rd2+
36.Bf2 Ree2 37.Rhf1 Rxb2 38.Rcd1+ Kc6 39.a3 Rxf2+  0-1

[Event "Skopje ol (Men) fin-B"]
[Site "Skopje"]
[Date "1972.??.??"]
[Round "10"]
[White "Ardiansyah, Haji"]
[Black "Kaldor, Avraham"]
[Result "0-1"]
[WhiteElo "2340"]
[BlackElo "2200"]

1.e4 c5 2.Nf3 Nc6 3.d4 cxd4 4.Nxd4 Qc7 5.Nc3 e6 6.Be2 a6 7.O-O b5 8.Be3 Bb7
9.Nb3 Nf6 10.Nc5 Bc8 11.a3 Ne5 12.Nb3 Bb7 13.f4 Nc4 14.Bxc4 bxc4 15.Nd2 Bc5
16.Qe2 O-O 17.Kh1 Bxe3 18.Qxe3 d5 19.e5 Ng4 20.Qh3 Nh6 21.Nf3 Nf5 22.g4 Ne3
23.Rf2 d4 24.Nd1 f6 25.Kg1 Qc6 26.Nxe3 dxe3 27.Rff1 fxe5 28.Rae1 Rxf4 29.Rxe3 Raf8
30.Kg2 Qc5 31.Rc3 e4  0-1

[Event "JUG-ch"]
[Site "Umag"]
[Date "1972.??.??"]
[Round "1"]
[White "Matulovic, Milan"]
[Black "Cvetkovic, Srdjan"]
[Result "0-1"]
[WhiteElo "2525"]
[BlackElo "2460"]

1.e4 c5 2.Nf3 Nc6 3.d4 cxd4 4.Nxd4 Qc7 5.Nc3 e6 6.g3 a6 7.Bg2 Nf6 8.O-O Nxd4
9.Qxd4 Bc5 10.Bf4 d6 11.Qd3 Nd7 12.Na4 e5 13.Bd2 b5 14.Nxc5 Nxc5 15.Qa3 Bb7
16.Ba5 Qc6 17.Rad1 O-O 18.Rd5 Qc8 19.Rxd6 Bxe4 20.f3 Nb7 21.fxe4 Nxa5 22.b3 Qxc2
23.Rd7 Qc6 24.Rfd1 Rad8 25.Rxd8 Qb6+ 26.Kh1 Rxd8 27.Rd5 h6 28.h4 Rc8 29.Bh3 Rc2
30.Rd6 Nc6 31.Re6 fxe6 32.Bxe6+ Kh7 33.Bf5+ g6 34.Qf8 Rc1+ 35.Kg2 Qg1+ 36.Kh3 Qf1+
37.Kg4 Qe2+ 38.Kh3 Rh1+  0-1

[Event "JUG-ch"]
[Site "Umag"]
[Date "1972.??.??"]
[Round "5"]
[White "Matanovic, Aleksandar"]
[Black "Kurajica, Bojan"]
[Result "1/2-1/2"]
[WhiteElo "2515"]
[BlackElo "2455"]

1.e4 c5 2.Nf3 Nc6 3.d4 cxd4 4.Nxd4 Qc7 5.Nc3 e6 6.g3 a6 7.Bg2 Nf6 8.O-O Be7
9.Re1 O-O 10.Nxc6 dxc6 11.e5 Nd5 12.Bd2  1/2-1/2

[Event "JUG-ch"]
[Site "Umag"]
[Date "1972.??.??"]
[Round "9"]
[White "Parma, Bruno"]
[Black "Cvetkovic, Srdjan"]
[Result "1/2-1/2"]
[WhiteElo "2510"]
[BlackElo "2460"]

1.e4 c5 2.Nf3 Nc6 3.d4 cxd4 4.Nxd4 Qc7 5.Be2 Nf6 6.Nc3 e6 7.O-O a6 8.Kh1 d6
9.Be3 Be7 10.f4 Bd7 11.Qe1 b5 12.a3 O-O 13.Qg3 Kh8 14.Bd3 Rab8 15.Nf3 b4
16.axb4 Nxb4 17.e5 Nh5 18.Qh3 Nxd3 19.cxd3 g6 20.Bd4 f6  1/2-1/2

[Event "JUG-ch"]
[Site "Umag"]
[Date "1972.??.??"]
[Round "10"]
[White "Matanovic, Aleksandar"]
[Black "Ostojic, Predrag"]
[Result "1/2-1/2"]
[WhiteElo "2515"]
[BlackElo "2440"]

1.e4 c5 2.Nf3 Nc6 3.d4 cxd4 4.Nxd4 Qc7 5.Nc3 e6 6.Be2 a6 7.O-O Nf6 8.Kh1 Bb4
9.Bg5 Bxc3 10.Bxf6 gxf6 11.bxc3 Qf4 12.Bd3 h5 13.g3 Qe5 14.Nxc6 bxc6 15.c4 c5
16.Rb1 Rb8 17.Rxb8 Qxb8 18.h4 Bb7 19.Kh2 Ke7 20.Qd2  1/2-1/2

[Event "JUG-ch"]
[Site "Umag"]
[Date "1972.??.??"]
[Round "12"]
[White "Matulovic, Milan"]
[Black "Ostojic, Predrag"]
[Result "1-0"]
[WhiteElo "2525"]
[BlackElo "2440"]

1.e4 c5 2.Nf3 Nc6 3.d4 cxd4 4.Nxd4 Qc7 5.Nc3 e6 6.Be2 a6 7.O-O Nf6 8.Be3 Bb4
9.Na4 Ne7 10.c4 Nxe4 11.Bf3 Nf6 12.c5 Ba5 13.Nb3 Nfd5 14.Bg5 f6 15.Bh4 Qf4
16.Nxa5 Qxh4 17.Rc1 O-O 18.Nc4 Rb8 19.g3 Qg5 20.h4 Qg6 21.Nab6 Nxb6 22.Nxb6 Nf5
23.Be4 Rd8 24.Bxf5 Qxf5 25.Qd6 Qe5 26.Rfe1  1-0

[Event "JUG-ch"]
[Site "Umag"]
[Date "1972.??.??"]
[Round "12"]
[White "Kurajica, Bojan"]
[Black "Cvetkovic, Srdjan"]
[Result "0-1"]
[WhiteElo "2455"]
[BlackElo "2460"]

1.e4 c5 2.Nf3 Nc6 3.d4 cxd4 4.Nxd4 Qc7 5.Nb5 Qb8 6.c4 Nf6 7.N5c3 d6 8.Be2 e6
9.O-O Be7 10.Be3 O-O 11.f4 Rd8 12.a3 b6 13.b4 Bb7 14.Ra2 Bf8 15.Rd2 Ne7 16.Bf3 Ng6
17.g4 Qc7 18.g5 Ne8 19.Be2 Rac8 20.Bd3 Ba6 21.f5 Ne5 22.fxe6 fxe6 23.Rdf2 Be7
24.b5 Bb7 25.Be2 g6 26.Nd2 Ng7 27.h4 Rf8 28.Bd4 Rxf2 29.Rxf2 d5 30.exd5 Nf5
31.Nde4 Nxc4 32.d6 Ncxd6 33.Be5 Bxe4 34.Nxe4 Qc1 35.Nxd6 Bxd6 36.Bxd6 Nxd6
37.Rf1 Qe3+ 38.Kh2 Qe5+ 39.Kh1 Nf5 40.Qd7 Rf8 41.Rf2 Qe3  0-1

[Event "JUG-ch"]
[Site "Umag"]
[Date "1972.??.??"]
[Round "14"]
[White "Janosevic, Dragoljub"]
[Black "Cvetkovic, Srdjan"]
[Result "1/2-1/2"]
[WhiteElo "2430"]
[BlackElo "2460"]

1.e4 c5 2.Nf3 Nc6 3.d4 cxd4 4.Nxd4 Qc7 5.Nc3 e6 6.g3 a6 7.Bg2 Nf6 8.O-O Nxd4
9.Qxd4 Bc5 10.Bf4 d6 11.Qd2 h6 12.Rad1 e5 13.Be3 Bg4 14.Bxc5 dxc5 15.f3 Be6
16.Nd5 Bxd5 17.exd5 O-O 18.c4 Rad8 19.Rfe1 Ne8 20.Qe3 Nd6 21.Qxe5 Qa5 22.b3 Qxa2
23.Qc3 Rfe8 24.Bf1 b5 25.Ra1 b4 26.Qd3 Qb2 27.Rxe8+ Rxe8 28.Rxa6 Qf6 29.Rc6 g6
30.Rxc5 Nf5 31.d6 Nxd6 32.Rc6 Re6 33.Qd5 Nf5 34.Rxe6 fxe6 35.Qd3 Kf7 36.c5 Qd4+
37.Qxd4 Nxd4 38.Bc4 Nxf3+ 39.Kf2 Nd2 40.Bd3 Nxb3 41.c6 Ke7 42.Bxg6 Kd6 43.Ke3 Kxc6
44.g4 Kd5 45.h4 Nc5 46.g5 hxg5 47.hxg5 b3 48.Bh7 e5 49.Bg8+ Ne6 50.g6 b2
51.g7 b1=Q 52.Bxe6+ Kd6 53.g8=Q Qe1+ 54.Kf3 Qf1+ 55.Ke3 Qe1+  1/2-1/2

[Event "JUG-ch"]
[Site "Umag"]
[Date "1972.??.??"]
[Round "17"]
[White "Parma, Bruno"]
[Black "Matulovic, Milan"]
[Result "1/2-1/2"]
[WhiteElo "2510"]
[BlackElo "2525"]

1.e4 c5 2.Nf3 Nc6 3.d4 cxd4 4.Nxd4 Qc7 5.Be2 Nf6 6.Nc3 e6 7.O-O a6 8.Kh1 Nxd4
9.Qxd4 Bc5 10.Qd3 b5 11.f4 Bb7 12.Bf3 h5 13.e5 Ng4 14.Bxb7 Qxb7 15.Ne4 Rc8
16.Bd2 Be7 17.Rae1 g6 18.a3 Qc6 19.Bb4 Nh6 20.Bxe7 Kxe7 21.Nd6 Ra8 22.Rd1 Nf5
23.Qb3 Qc5  1/2-1/2

[Event "Caracas"]
[Site "Caracas"]
[Date "1973.??.??"]
[Round "14"]
[White "Gutierrez, Jose Antonio"]
[Black "Yepez, Olavo"]
[Result "0-1"]
[WhiteElo "2350"]
[BlackElo "2390"]

1.e4 c5 2.Nf3 Nc6 3.d4 cxd4 4.Nxd4 Qc7 5.Nc3 e6 6.g3 a6 7.Bg2 Nf6 8.O-O d6
9.Nce2 Be7 10.c4 O-O 11.b3 Nxd4 12.Qxd4 e5 13.Qd2 b5 14.cxb5 axb5 15.Nc3 b4
16.Na4 Bd7 17.Nb2 Qb7 18.Re1 Bc6 19.Nd3 Rab8 20.f3 Nd7 21.Bb2 Rfd8 22.f4 f6
23.Qc2 d5 24.exd5 Bxd5 25.Bxd5+ Qxd5 26.Qc4 Qxc4 27.bxc4 Nb6 28.Rad1 Nxc4
29.Ba1 b3 30.axb3 Rxb3 31.Nf2 Rxd1 32.Rxd1 Ne3 33.Re1 Nc2 34.Rc1 Nxa1 35.Rxa1 Bc5
36.Rc1 Bb6 37.fxe5 Rb2 38.Rf1 fxe5 39.Kg2 e4 40.Re1 Rxf2+ 41.Kh3 e3  0-1

[Event "URS-JUG"]
[Site "Tbilisi"]
[Date "1973.??.??"]
[Round "2"]
[White "Kuzmin, Gennadi P"]
[Black "Matulovic, Milan"]
[Result "1-0"]
[WhiteElo "2575"]
[BlackElo "2525"]

1.e4 c5 2.Nf3 Nc6 3.d4 cxd4 4.Nxd4 Qc7 5.Nc3 e6 6.Be2 a6 7.Be3 Nf6 8.O-O Bb4
9.Nxc6 bxc6 10.Na4 O-O 11.c4 Be7 12.Qc2 c5 13.Bf3 Rb8 14.g3 d6 15.Rab1 Nd7
16.Bg2 Ne5 17.f4 Nc6 18.b3 Nd4 19.Qf2 Bd7 20.Nb2 Bf6 21.Nd3 a5 22.g4 e5 23.g5 Bd8
24.Kh1 exf4 25.Bxf4 f6 26.g6 hxg6 27.Qg3 Ne2 28.Qxg6 Bc6 29.Rbe1 Nxf4 30.Nxf4 Qf7
31.Qg3 Re8 32.Ng6 Bc7 33.Rf5 d5 34.e5 Qd7 35.Qh3 Bxe5 36.Rexe5 dxc4 37.Qh8+ Kf7
38.Qh5 Kg8 39.Rxf6 Bxg2+ 40.Kxg2 Qd2+ 41.Rf2 Qh6 42.Ne7+ Kh8 43.Rf6 Rxe7
44.Rxh6+  1-0

[Event "URS-JUG"]
[Site "Tbilisi"]
[Date "1973.??.??"]
[Round "4"]
[White "Razuvaev, Yuri S"]
[Black "Matulovic, Milan"]
[Result "1/2-1/2"]
[WhiteElo "2510"]
[BlackElo "2525"]

1.e4 c5 2.Nf3 Nc6 3.d4 cxd4 4.Nxd4 Qc7 5.Nc3 e6 6.Be3 a6 7.Be2 Nf6 8.O-O Bb4
9.Nxc6 bxc6 10.Na4 O-O 11.Nb6 Rb8 12.Nxc8 Rfxc8 13.Bxa6 Rd8 14.Bd3 Bd6 15.Kh1 Be5
16.c3 Rxb2 17.Qc1 Ng4 18.f4 Nxe3 19.Qxb2 Bxf4 20.Qf2 Nxf1 21.Rxf1 g5 22.g3 Qd6
23.Be2 Be5 24.Qxf7+ Kh8 25.Rd1 Qc7 26.Qe7 Bxc3 27.Bg4 Qc8 28.Bxe6 Re8 29.Qc5 Rxe6
30.Qxc3+ Kg8 31.Qc4 Qb8 32.a4 Qe5  1/2-1/2

[Event "FRG-ch"]
[Site "Menden"]
[Date "1974.??.??"]
[Round "?"]
[White "Putzbach, Gerd"]
[Black "Mubedi, Mir Dhjan"]
[Result "0-1"]
[WhiteElo "2200"]
[BlackElo "2200"]

1.e4 c5 2.Nf3 Nc6 3.d4 cxd4 4.Nxd4 Qc7 5.Nb5 Qb8 6.c4 a6 7.N5c3 e6 8.Be3 Nf6
9.Be2 Qc7 10.f4 d6 11.O-O Be7 12.Nd2 O-O 13.g4 Nd7 14.Rc1 b6 15.Qe1 Bb7 16.Qg3 Rfe8
17.g5 Bf8 18.Rf3 g6 19.Qh4 Bg7 20.Rh3 Nf8 21.Qf2 Nd7 22.Na4 Nc5 23.Nxc5 bxc5
24.Nb3 Nd4 25.Nxd4 cxd4 26.Bxd4 Bxd4 27.Qxd4 e5 28.Qf2 exf4 29.Qh4 h5 30.gxh6 Qb6+
31.Kf1 Qd4 32.h7+ Kg7 33.Rd1 Qxe4 34.Bf3 Qxc4+ 35.Kg1 Qc5+ 36.Kh1 Qc2 37.Rg1 Qxb2
38.Qxf4 Rad8 39.Rf1 Qb5 40.Qh6+ Kh8 41.Qc1 Re5 42.Rd1 Rde8 43.Qd2 f6 44.a4 Qb3
45.Rf1 Rf5 46.Qg2 Rxf3 47.Rhxf3 Re1 48.Kg1 Rxf1+  0-1

[Event "Nice olm fin-A"]
[Site "Nice"]
[Date "1974.??.??"]
[Round "3"]
[White "Stean, Michael"]
[Black "Raaste, Eero J"]
[Result "1-0"]
[WhiteElo "2345"]
[BlackElo "2200"]

1.e4 c5 2.Nf3 Nc6 3.d4 cxd4 4.Nxd4 Qb6 5.Nb3 Nf6 6.Nc3 e6 7.Bd3 Bb4 8.Bd2 O-O
9.O-O d5 10.exd5 exd5 11.a3 Be7 12.Bf4 Be6 13.Na4 Qd8 14.Nac5 Bg4 15.Qd2 b6
16.Na6 Rc8 17.Rfe1 Bh5 18.Bf5 Ne4 19.Qe3 Na5 20.Nxa5 bxa5 21.Bxc8 Qxc8 22.Qxa7 Qxc2
23.Rac1 Qxb2 24.Rxe4 Bd6 25.Qd4  1-0

[Event "Sombor"]
[Site "Sombor"]
[Date "1974.??.??"]
[Round "10"]
[White "Hartoch, Robert G"]
[Black "Damjanovic, Mato"]
[Result "1/2-1/2"]
[WhiteElo "2370"]
[BlackElo "2460"]

1.e4 c5 2.Nf3 Nc6 3.d4 cxd4 4.Nxd4 Qc7 5.Nc3 e6 6.g3 a6 7.Bg2 d6 8.O-O Bd7
9.Nxc6 bxc6 10.Na4 c5 11.c4 Rb8 12.Nc3 Ne7 13.b3 Nc6 14.Bb2 Be7 15.Ne2 O-O
16.Nf4 Nd4 17.Ne2 e5 18.Nc3 Be6 19.Nd5 Bxd5 20.cxd5 a5 21.Re1 Qa7 22.Bf1 Bg5
23.Rb1 g6 24.Bxd4 cxd4 25.Rb2 Rfc8 26.Rc2 Rc3 27.Bc4 a4 28.Qe2 Rb4 29.Rd1 Qb6
30.Kg2 Qa5 31.Rd3 axb3 32.axb3 Rxc2 33.Qxc2 Rb7 34.Qe2 Kg7 35.Qg4 Qd8 36.h4 Bc1
37.h5 Ra7 38.hxg6 hxg6 39.Rd1 Bh6 40.Qe2 Qa5 41.Rb1 Qb4 42.Qb2 Qc3 43.Qe2 Ra3
44.Kf1 Bd2 45.Qd3 Qb4 46.Kg1 Qa5 47.Rd1 Bb4 48.Rb1 Ra2 49.Qf1 Qa7 50.Bd3 Qa8
51.Bc4 Qa7 52.Bd3 Kg8 53.Rc1 Bc3 54.Rb1 Qa3 55.Bc4 Qb4 56.Kg2 Ra7 57.Kg1 Ra8
58.Kg2 Qa3 59.Qe2 Kg7 60.Rh1 Rh8 61.Rxh8 Kxh8 62.Kg1 Qc1+ 63.Kh2 Qb1 64.Qd3 Qb2
65.Qe2 Qa3 66.Qd1 Bb4 67.Bd3 Qb2 68.Qc2 Qc3 69.Kg2 Kg7 70.Kf1 Qc5 71.Bc4  1/2-1/2

[Event "Lone Pine"]
[Site "Lone Pine"]
[Date "1975.??.??"]
[Round "7"]
[White "Levy, David Neil Lawrence"]
[Black "Damjanovic, Mato"]
[Result "0-1"]
[WhiteElo "2325"]
[BlackElo "2455"]

1.e4 c5 2.Nf3 Nc6 3.d4 cxd4 4.Nxd4 Qc7 5.Nc3 e6 6.Be2 a6 7.O-O Bd6 8.Kh1 Bf4
9.Bxf4 Qxf4 10.Nxc6 dxc6 11.Qd4 Nf6 12.g3 Qc7 13.e5 c5 14.Qe3 Nd5 15.Qg5 O-O
16.Ne4 h6 17.Qh5 b5 18.c4 bxc4 19.Bxc4 Bb7 20.Kg1 Ne3 21.Nf6+ gxf6 22.exf6 Nf5
23.Bd3 Qe5 24.Qg4+ Kh8 25.Bxf5 Rg8 26.Qh4 Qxf5 27.Qxh6+ Qh7 28.Qf4 Rad8 29.Rfd1 Qh5
30.Rxd8 Rxd8 31.g4 Qh3 32.Qg3 Qxg3+ 33.hxg3 Bf3 34.g5 Kh7  0-1

[Event "URS-chT"]
[Site "Riga"]
[Date "1975.??.??"]
[Round "?"]
[White "Geller, Efim P"]
[Black "Vasiukov, Evgeni"]
[Result "1-0"]
[WhiteElo "2600"]
[BlackElo "2560"]

1.e4 c5 2.Nf3 Nc6 3.d4 cxd4 4.Nxd4 Qc7 5.Nc3 e6 6.Be2 Nf6 7.O-O Nxd4 8.Qxd4 Bc5
9.Qd3 a6 10.Bg5 h6 11.Bh4 d6 12.Rad1 Bd7 13.a3 Rc8 14.Kh1 g5 15.Bg3 e5 16.f4 exf4
17.Bxf4 gxf4 18.Rxf4 Nh7 19.Nd5 Qd8 20.b4 Ba7 21.e5 Be6 22.exd6 Rc6 23.Bg4 Rxd6
24.Bxe6 Rxe6 25.Nf6+ Ke7 26.Nd5+ Kf8 27.Rdf1 Ng5 28.h4 Bb8 29.Rc4 Rd6 30.Rd4 Ne6
31.Qg6 Qe8 32.Rd3 Rxd5 33.Rxd5 Nf4 34.Qf6 Rg8 35.Rd8 Rg6 36.Rxe8+ Kxe8 37.Qh8+ Ke7
38.Qd4 Ne6 39.Qb6 Rg4 40.g3 Rxg3 41.Qxb7+ Bc7 42.Re1 Rh3+ 43.Kg2 Rc3 44.Qxa6 Rxc2+
45.Kf3  1-0

[Event "URS-chT"]
[Site "Riga"]
[Date "1975.??.??"]
[Round "?"]
[White "Kuzmin, Gennadi P"]
[Black "Gufeld, Eduard"]
[Result "1-0"]
[WhiteElo "2600"]
[BlackElo "2535"]

1.e4 c5 2.Nf3 Nc6 3.d4 cxd4 4.Nxd4 Qb6 5.Nb3 Nf6 6.Bd3 d5 7.exd5 Nxd5 8.O-O e6
9.c4 Nf6 10.Nc3 Be7 11.Qe2 O-O 12.Bg5 Bd7 13.Rad1 Rfd8 14.Nb5 Nb4 15.Be3 Qc6
16.Bb1 b6 17.a3 Na6 18.N3d4 Qb7 19.Bg5 Nc5 20.b4 Bxb5 21.cxb5 Ncd7 22.Nc6 Re8
23.Qc2 Nf8 24.Rfe1 a6 25.bxa6 Rxa6 26.Re3 b5 27.Rc3 h6 28.Nxe7+ Qxe7 29.Rc7 Qxc7
30.Qxc7 hxg5 31.Qb7 Rxa3 32.Qxb5 g4 33.Be4 Rc8 34.Bb7 Rc2 35.h3 gxh3 36.gxh3 Ng6
37.Rd8+ Kh7 38.Be4  1-0

[Event "Beersheba"]
[Site "Beersheba"]
[Date "1976.??.??"]
[Round "3"]
[White "Lederman, Leon"]
[Black "Damjanovic, Mato"]
[Result "1-0"]
[WhiteElo "2420"]
[BlackElo "2425"]

1.e4 c5 2.Nf3 Nc6 3.d4 cxd4 4.Nxd4 Qc7 5.Be2 e6 6.O-O a6 7.Nc3 Nf6 8.Be3 d6
9.Kh1 Nxd4 10.Bxd4 Bd7 11.f4 Bc6 12.Bxf6 gxf6 13.f5 e5 14.Rf3 Rg8 15.Bc4 Rd8
16.Bd5 Qb6 17.Qe2 h5 18.Qc4 Rg7 19.b4 Rc8 20.Rd1 Rc7 21.Qb3 Bd7 22.Bxf7+ Kd8
23.Nd5 Qb5 24.Nxc7 Qe2 25.Rg1 Kxc7 26.Qc4+ Qxc4 27.Bxc4 Bc6 28.Rc3 Kb6 29.Bd5 Bxd5
30.exd5 Rg4 31.Rc8 Bh6 32.c4 Be3 33.Re1 Bf2 34.Rf1 Rd4 35.g3 Be3 36.c5+ Kb5
37.c6 bxc6 38.Rb8+  1-0

[Event "Beersheba"]
[Site "Beersheba"]
[Date "1976.??.??"]
[Round "5"]
[White "Liberzon, Vladimir M"]
[Black "Damjanovic, Mato"]
[Result "1/2-1/2"]
[WhiteElo "2540"]
[BlackElo "2425"]

1.e4 c5 2.Nf3 Nc6 3.d4 cxd4 4.Nxd4 Qc7 5.Nc3 e6 6.g3 a6 7.Bg2 d6 8.O-O Bd7
9.Re1 Be7 10.Nxc6 bxc6 11.Na4 e5 12.c4 c5 13.Nc3 Bc6 14.f4 Nf6 15.f5 h6 16.Kf2 O-O
17.b3 Rfb8 18.Bf1 Bd8 19.Bd3 Qe7 20.Bd2 Ba5 21.Qf3 Bb4 22.g4 Nh7 23.Qg3 Rb7
24.Bc2 g5 25.Kf3 Nf6  1/2-1/2

[Event "Lone Pine"]
[Site "Lone Pine"]
[Date "1976.??.??"]
[Round "2"]
[White "Brummer, D."]
[Black "Commons, Kim S"]
[Result "0-1"]
[WhiteElo "2200"]
[BlackElo "2420"]

1.e4 c5 2.Nf3 Nc6 3.d4 cxd4 4.Nxd4 Qc7 5.Nc3 e6 6.Be2 a6 7.a3 Nf6 8.Be3 Be7
9.O-O O-O 10.f4 d6 11.Qe1 Bd7 12.Rd1 b5 13.Qg3 Nxd4 14.Bxd4 Bc6 15.Kh1 Qb7
16.Bd3 Rad8 17.b4 g6 18.Rde1 Rd7 19.Re2 a5 20.Qh3 axb4 21.axb4 Ra8 22.Qh6 Nh5
23.Re3 Bf8 24.Qxh5 gxh5 25.Rg3+ Bg7 26.Rxg7+ Kf8 27.Bf6 Rc7 28.Re1 Rcc8 29.Rxh7 Ke8
30.h4 Ra3 31.Nb1 Ra4 32.Rxh5 Rxb4 33.Nd2 Qb6 34.Rg5 Qf2 35.Nf3 Kd7 36.Rg7 Rf8
37.h5 d5 38.Rf1 Qe3 39.Ne5+ Kc7 40.Nxc6 Kxc6 41.h6 dxe4 42.h7 exd3 43.Rg8 Qe2
44.Rg1 Qh5+  0-1

[Event "Majdanpek"]
[Site "Majdanpek"]
[Date "1976.??.??"]
[Round "5"]
[White "Honfi, Karoly"]
[Black "Janosevic, Dragoljub"]
[Result "1/2-1/2"]
[WhiteElo "2460"]
[BlackElo "2435"]

1.e4 c5 2.Nf3 Nc6 3.d4 cxd4 4.Nxd4 Qc7 5.Nc3 e6 6.Be2 a6 7.O-O Nf6 8.Kh1 d6
9.f4 Be7 10.Be3 Bd7 11.Qe1 b5 12.a3 O-O 13.Qg3 Nxd4 14.Bxd4 Bc6 15.Rae1 Qb7
16.Bd3 g6 17.f5 Nh5 18.Qh3 exf5 19.Rxf5 Ng7 20.Rf3 f5 21.Qh6 Ne6 22.Rg3 Nxd4
23.Rxg6+ hxg6 24.Qxg6+ Kh8 25.Qh6+ Kg8  1/2-1/2